| 000 | 005300000a22001930004500 | ||
|---|---|---|---|
| 020 | _a84-344-1817-7 | ||
| 041 | 0 | _aSPA | |
| 082 | 0 | 4 | _aG 320.3 C7189i |
| 100 | 1 | _aColomer, Josep M. | |
| 245 | 1 | 0 | _aInstituciones políticas / Josep M. Colomer |
| 260 | _aBarcelona, España : Ariel | ||
| 300 | _a267 Pag. | ||
| 650 | 1 | 4 | _aCIENCIAS POLITICAS \ GOBIERNO COMPARADO \ ELECCION SOCIAL |
| 001 | 524 | ||
| 942 | _cBK | ||
| 999 |
_c32043 _d32043 |
||
| 336 |
_atexto _btxt _2rdacontent |
||
| 337 |
_2rdamedia _asin mediación _bn |
||
| 338 |
_2rdacarrier _avolumen _bnc |
||